[Event "Irena Warakomska Memorial A"]
[Site "chessmanager.com"]
[Date "2018.08.05"]
[Round "6"]
[White "Budrewicz, Krzysztof"]
[Black "Grinev, Valeriy"]
[Result "1/2-1/2"]
[Board "16"]
[WhiteElo "2203"]
[WhiteCountry "POL"]
[WhiteFideId "1127950"]
[WhiteEloChange "5"]
[BlackElo "2412"]
[BlackTitle "IM"]
[BlackCountry "UKR"]
[BlackFideId "14117517"]
[BlackEloChange "-3"]

1. d4 {[%clk 1:30:56]} Nf6 {[%clk 1:30:23]} 2. c4 {[%clk 1:31:13]} g6 {[%clk
1:30:37]} 3. Nc3 {[%clk 1:31:20]} d5 {[%clk 1:30:55]} 4. cxd5 {[%clk 1:30:56]}
Nxd5 {[%clk 1:31:13]} 5. Na4 {[%clk 1:31:14]} Bg7 {[%clk 1:31:21]} 6. e4 {[%clk
1:31:16]} Nb6 {[%clk 1:31:41]} 7. Be3 {[%clk 1:31:41]} O-O {[%clk 1:31:56]} 8.
Nf3 {[%clk 1:28:44]} Bg4 {[%clk 1:32:14]} 9. Nc5 {[%clk 1:19:06]} Nc6 {[%clk
1:32:26]} 10. d5 {[%clk 1:17:46]} Ne5 {[%clk 1:28:10]} 11. Nxb7 {[%clk 1:13:58]}
Qb8 {[%clk 1:28:26]} 12. Na5 {[%clk 1:14:15]} Na4 {[%clk 1:11:53]} 13. Be2 {[%clk
0:58:49]} Qb4+ {[%clk 0:43:55]} 14. Qd2 {[%clk 0:55:45]} Qxe4 {[%clk 0:42:57]}
15. Nxe5 {[%clk 0:54:58]} Bxe2 {[%clk 0:34:08]} 16. Kxe2 {[%clk 0:53:08]} Bxe5
{[%clk 0:32:08]} 17. f3 {[%clk 0:52:52]} Qf5 {[%clk 0:32:18]} 18. Nc6 {[%clk
0:51:05]} Bf6 {[%clk 0:32:26]} 19. Rac1 {[%clk 0:37:54]} Nxb2 {[%clk 0:21:03]}
20. Qxb2 {[%clk 0:24:29]} Bxb2 {[%clk 0:21:13]} 21. Nxe7+ {[%clk 0:24:57]} Kh8
{[%clk 0:21:28]} 22. Nxf5 {[%clk 0:25:22]} Bxc1 {[%clk 0:21:45]} 23. Rxc1 {[%clk
0:25:28]} gxf5 {[%clk 0:22:07]} 24. Rxc7 {[%clk 0:25:55]} Rfd8 {[%clk 0:16:32]}
25. Rc5 {[%clk 0:22:45]} Rd6 {[%clk 0:15:47]} 26. Kd3 {[%clk 0:18:31]} Ra6 {[%clk
0:16:10]} 27. Kd4 {[%clk 0:17:20]} Rd8 {[%clk 0:13:54]} 28. Bf4 {[%clk 0:16:17]}
Kg7 {[%clk 0:11:18]} 1/2-1/2

[Event "Irena Warakomska Memorial A"]
[Site "chessmanager.com"]
[Date "2018.08.05"]
[Round "6"]
[White "Kowalski, Igor"]
[Black "Kanarek, Marcel"]
[Result "0-1"]
[Board "19"]
[WhiteElo "2324"]
[WhiteTitle "FM"]
[WhiteCountry "POL"]
[WhiteFideId "1172468"]
[WhiteEloChange "-5"]
[BlackElo "2508"]
[BlackTitle "GM"]
[BlackCountry "POL"]
[BlackFideId "1126822"]
[BlackEloChange "3"]

1. d4 {[%clk 1:30:58]} Nf6 {[%clk 1:30:51]} 2. c4 {[%clk 1:31:25]} g6 {[%clk
1:31:15]} 3. Nc3 {[%clk 1:31:52]} Bg7 {[%clk 1:31:39]} 4. e4 {[%clk 1:32:18]} d6
{[%clk 1:32:05]} 5. f3 {[%clk 1:32:45]} O-O {[%clk 1:32:24]} 6. Nge2 {[%clk
1:33:13]} c5 {[%clk 1:32:47]} 7. Be3 {[%clk 1:33:40]} Nc6 {[%clk 1:23:28]} 8. d5
{[%clk 1:33:15]} Ne5 {[%clk 1:20:00]} 9. Ng3 {[%clk 1:33:39]} e6 {[%clk 1:15:33]}
10. Be2 {[%clk 1:34:04]} exd5 {[%clk 1:15:48]} 11. cxd5 {[%clk 1:34:30]} a6
{[%clk 1:15:47]} 12. a4 {[%clk 1:34:57]} h5 {[%clk 1:15:38]} 13. O-O {[%clk
1:35:22]} Nh7 {[%clk 1:15:25]} 14. Qd2 {[%clk 1:35:20]} h4 {[%clk 1:11:26]} 15.
Nh1 {[%clk 1:35:47]} f5 {[%clk 1:11:43]} 16. exf5 {[%clk 1:33:57]} gxf5 {[%clk
1:11:31]} 17. Nf2 {[%clk 1:28:46]} Bd7 {[%clk 1:10:41]} 18. a5 {[%clk 1:28:42]}
Qf6 {[%clk 1:07:03]} 19. Nh3 {[%clk 1:27:53]} Ng6 {[%clk 1:04:01]} 20. f4 {[%clk
1:22:16]} Qf7 {[%clk 0:53:34]} 21. Rae1 {[%clk 1:14:58]} Bf6 {[%clk 0:50:25]} 22.
Ng5 {[%clk 0:54:31]} Bxg5 {[%clk 0:41:53]} 23. fxg5 {[%clk 0:54:56]} f4 {[%clk
0:42:13]} 24. Qc2 {[%clk 0:51:20]} Bf5 {[%clk 0:38:56]} 25. Bd3 {[%clk 0:48:37]}
Nxg5 {[%clk 0:35:45]} 26. Ne2 {[%clk 0:41:54]} Bxd3 {[%clk 0:30:53]} 27. Qxd3
{[%clk 0:42:16]} f3 {[%clk 0:15:22]} 28. gxf3 {[%clk 0:28:30]} Ne5 {[%clk
0:15:07]} 29. Qb3 {[%clk 0:20:59]} c4 {[%clk 0:12:57]} 30. Qa4 {[%clk 0:20:18]}
Nexf3+ {[%clk 0:07:47]} 31. Kh1 {[%clk 0:20:40]} Qxd5 {[%clk 0:08:01]} 32. Nc3
{[%clk 0:20:58]} Nxe1+ {[%clk 0:07:19]} 33. Nxd5 {[%clk 0:21:23]} Rxf1+ {[%clk
0:07:42]} 34. Bg1 {[%clk 0:21:51]} Ngf3 {[%clk 0:06:14]} 35. Ne7+ {[%clk
0:22:14]} Kh7 {[%clk 0:06:23]} 36. Qxc4 {[%clk 0:22:33]} Rxg1# {[%clk 0:06:23]}
0-1

[Event "Irena Warakomska Memorial A"]
[Site "chessmanager.com"]
[Date "2018.08.05"]
[Round "6"]
[White "Yevseev, Denis"]
[Black "Marszalek, Maciej"]
[Result "1-0"]
[Board "20"]
[WhiteElo "2513"]
[WhiteTitle "GM"]
[WhiteCountry "RUS"]
[WhiteFideId "4126378"]
[WhiteEloChange "2"]
[BlackElo "2266"]
[BlackCountry "POL"]
[BlackFideId "1119095"]
[BlackEloChange "-4"]

1. Nf3 {[%clk 1:30:57]} Nf6 {[%clk 1:29:55]} 2. c4 {[%clk 1:31:19]} g6 {[%clk
1:28:11]} 3. Nc3 {[%clk 1:31:36]} Bg7 {[%clk 1:28:36]} 4. e4 {[%clk 1:31:40]} d6
{[%clk 1:28:56]} 5. d4 {[%clk 1:32:01]} O-O {[%clk 1:29:19]} 6. Be2 {[%clk
1:32:25]} Bg4 {[%clk 1:29:24]} 7. Be3 {[%clk 1:32:30]} Nfd7 {[%clk 1:29:13]} 8.
Rc1 {[%clk 1:31:00]} e5 {[%clk 1:29:02]} 9. d5 {[%clk 1:27:35]} a5 {[%clk
1:28:43]} 10. O-O {[%clk 1:24:40]} Na6 {[%clk 1:26:45]} 11. Nd2 {[%clk 1:16:00]}
Bxe2 {[%clk 1:19:40]} 12. Qxe2 {[%clk 1:16:25]} Nac5 {[%clk 1:18:51]} 13. b3
{[%clk 1:15:11]} f5 {[%clk 1:14:48]} 14. f3 {[%clk 1:14:12]} Bf6 {[%clk 1:09:00]}
15. a3 {[%clk 1:08:34]} Bg5 {[%clk 1:07:35]} 16. Bxg5 {[%clk 1:07:58]} Qxg5
{[%clk 1:07:59]} 17. b4 {[%clk 1:07:46]} axb4 {[%clk 1:07:36]} 18. axb4 {[%clk
1:08:11]} Na6 {[%clk 1:07:34]} 19. Rb1 {[%clk 1:07:43]} Nf6 {[%clk 1:07:26]} 20.
exf5 {[%clk 0:59:07]} gxf5 {[%clk 1:03:00]} 21. f4 {[%clk 0:58:42]} exf4 {[%clk
0:54:11]} 22. Nf3 {[%clk 0:29:14]} Qh6 {[%clk 0:46:15]} 23. Qe6+ {[%clk 0:25:29]}
Kh8 {[%clk 0:43:15]} 24. Qxf5 {[%clk 0:25:35]} Rg8 {[%clk 0:34:11]} 25. Ne2
{[%clk 0:16:46]} Ng4 {[%clk 0:30:39]} 26. Qxf4 {[%clk 0:14:55]} Qxf4 {[%clk
0:30:39]} 27. Nxf4 {[%clk 0:15:19]} Ne3 {[%clk 0:30:52]} 28. Rf2 {[%clk 0:07:53]}
Nxc4 {[%clk 0:21:59]} 29. Ne6 {[%clk 0:08:03]} Ne3 {[%clk 0:19:16]} 30. Nfg5
{[%clk 0:06:50]} h6 {[%clk 0:18:59]} 31. Rb3 {[%clk 0:04:36]} Ng4 {[%clk
0:17:34]} 32. Rf4 {[%clk 0:04:38]} Ne5 {[%clk 0:16:02]} 33. Rf6 {[%clk 0:03:22]}
Ng4 {[%clk 0:15:42]} 34. Nf7+ {[%clk 0:03:02]} Kh7 {[%clk 0:16:08]} 35. Rh3
{[%clk 0:02:52]} Rg6 {[%clk 0:15:46]} 36. Nfg5+ {[%clk 0:02:20]} Rxg5 {[%clk
0:16:08]} 37. Nxg5+ {[%clk 0:02:39]} Kg7 {[%clk 0:16:36]} 38. Rf4 {[%clk
0:02:48]} hxg5 {[%clk 0:14:44]} 39. Rxg4 {[%clk 0:03:12]} Kf6 {[%clk 0:15:04]}
40. Rf3+ {[%clk 0:32:10]} 1-0

[Event "Irena Warakomska Memorial A"]
[Site "chessmanager.com"]
[Date "2018.08.05"]
[Round "6"]
[White "Socko, Monika"]
[Black "Paszewski, Mateusz"]
[Result "1/2-1/2"]
[Board "21"]
[WhiteElo "2464"]
[WhiteTitle "GM"]
[WhiteCountry "POL"]
[WhiteFideId "1106619"]
[WhiteEloChange "-2"]
[BlackElo "2293"]
[BlackTitle "FM"]
[BlackCountry "POL"]
[BlackFideId "1141058"]
[BlackEloChange "5"]

1. Nf3 {[%clk 1:30:56]} d5 {[%clk 1:30:25]} 2. g3 {[%clk 1:31:13]} c6 {[%clk
1:29:56]} 3. Bg2 {[%clk 1:31:37]} Bg4 {[%clk 1:30:21]} 4. O-O {[%clk 1:31:56]}
Nd7 {[%clk 1:29:48]} 5. d3 {[%clk 1:29:55]} e6 {[%clk 1:30:00]} 6. c4 {[%clk
1:29:34]} Bd6 {[%clk 1:30:25]} 7. cxd5 {[%clk 1:25:20]} exd5 {[%clk 1:30:52]} 8.
Nc3 {[%clk 1:25:45]} Ne7 {[%clk 1:31:11]} 9. Qc2 {[%clk 1:21:09]} O-O {[%clk
1:29:55]} 10. e4 {[%clk 1:20:39]} Rc8 {[%clk 1:22:00]} 11. Bd2 {[%clk 1:17:18]}
Bh5 {[%clk 1:16:42]} 12. Rac1 {[%clk 1:16:03]} Re8 {[%clk 1:11:49]} 13. Rfe1
{[%clk 1:14:01]} Bb8 {[%clk 1:03:38]} 14. Bg5 {[%clk 1:01:53]} f6 {[%clk
0:54:18]} 15. Bd2 {[%clk 0:59:59]} Nc5 {[%clk 0:40:34]} 16. exd5 {[%clk 0:54:26]}
cxd5 {[%clk 0:35:11]} 17. b4 {[%clk 0:50:51]} Na6 {[%clk 0:32:24]} 18. Qb3 {[%clk
0:44:29]} Bf7 {[%clk 0:29:57]} 19. d4 {[%clk 0:41:02]} Qd7 {[%clk 0:25:52]} 20.
b5 {[%clk 0:37:10]} Nc7 {[%clk 0:26:05]} 21. b6 {[%clk 0:34:37]} axb6 {[%clk
0:24:19]} 22. Na4 {[%clk 0:34:17]} Na8 {[%clk 0:23:59]} 23. Nxb6 {[%clk 0:28:16]}
Nxb6 {[%clk 0:24:14]} 24. Qxb6 {[%clk 0:28:43]} Rxc1 {[%clk 0:22:22]} 25. Rxc1
{[%clk 0:28:46]} Nc6 {[%clk 0:22:36]} 26. Rb1 {[%clk 0:27:55]} Re7 {[%clk
0:22:37]} 27. Be3 {[%clk 0:27:26]} Bg6 {[%clk 0:20:18]} 28. Rc1 {[%clk 0:26:49]}
Be4 {[%clk 0:20:24]} 29. Qc5 {[%clk 0:24:23]} Ba7 {[%clk 0:17:38]} 30. Qc3 {[%clk
0:20:51]} Qf5 {[%clk 0:15:17]} 31. Nh4 {[%clk 0:20:36]} Qd7 {[%clk 0:14:51]} 32.
Bf1 {[%clk 0:18:02]} g5 {[%clk 0:10:13]} 33. Ng2 {[%clk 0:18:31]} Bb6 {[%clk
0:05:41]} 34. Qb2 {[%clk 0:17:38]} Ba7 {[%clk 0:04:37]} 35. Ne1 {[%clk 0:15:53]}
Qf5 {[%clk 0:04:36]} 36. Bb5 {[%clk 0:12:16]} h5 {[%clk 0:02:11]} 37. Bxc6 {[%clk
0:08:53]} bxc6 {[%clk 0:02:40]} 38. Qa3 {[%clk 0:09:22]} Kf7 {[%clk 0:02:18]} 39.
Rxc6 {[%clk 0:08:00]} h4 {[%clk 0:01:11]} 40. Qd6 {[%clk 0:33:42]} hxg3 {[%clk
0:31:22]} 41. hxg3 {[%clk 0:30:24]} Qe6 {[%clk 0:18:55]} 42. Qxe6+ {[%clk
0:25:21]} Rxe6 {[%clk 0:19:16]} 43. Rc7+ {[%clk 0:25:32]} Re7 {[%clk 0:19:45]}
44. Rxe7+ {[%clk 0:25:58]} Kxe7 {[%clk 0:20:11]} 45. Kf1 {[%clk 0:26:00]} Kd7
{[%clk 0:16:19]} 46. Ke2 {[%clk 0:26:21]} Kc6 {[%clk 0:15:37]} 47. Nd3 {[%clk
0:11:27]} g4 {[%clk 0:10:54]} 48. Kd2 {[%clk 0:09:32]} Kb5 {[%clk 0:10:34]} 49.
Kc3 {[%clk 0:09:33]} Bf3 {[%clk 0:08:52]} 50. Nb2 {[%clk 0:08:21]} Be2 {[%clk
0:08:04]} 51. Bf4 {[%clk 0:08:09]} Bb6 {[%clk 0:07:55]} 52. a4+ {[%clk 0:07:44]}
Kc6 {[%clk 0:07:31]} 53. Bd2 {[%clk 0:07:49]} f5 {[%clk 0:06:30]} 54. Nd3 {[%clk
0:07:36]} Bd1 {[%clk 0:05:36]} 55. Nb4+ {[%clk 0:07:21]} Kd6 {[%clk 0:06:04]} 56.
Nc2 {[%clk 0:06:57]} Kc6 {[%clk 0:02:47]} 57. Ne3 {[%clk 0:05:12]} Bxa4 {[%clk
0:03:14]} 58. Nxf5 {[%clk 0:05:35]} Bd1 {[%clk 0:02:52]} 59. Bf4 {[%clk 0:05:29]}
Bf3 {[%clk 0:03:01]} 60. Kb4 {[%clk 0:04:29]} Be4 {[%clk 0:02:24]} 61. Nh6 {[%clk
0:04:48]} Bf3 {[%clk 0:02:21]} 62. Be5 {[%clk 0:04:23]} Bd8 {[%clk 0:02:28]} 63.
Nf5 {[%clk 0:04:32]} Bg5 {[%clk 0:02:30]} 64. Bf4 {[%clk 0:03:59]} Bf6 {[%clk
0:02:53]} 65. Kc3 {[%clk 0:04:13]} Bd8 {[%clk 0:02:56]} 66. Kb4 {[%clk 0:04:06]}
Bf6 {[%clk 0:03:19]} 67. Be3 {[%clk 0:03:44]} Bd8 {[%clk 0:03:16]} 68. Nh6 {[%clk
0:03:43]} Be7+ {[%clk 0:02:00]} 69. Kc3 {[%clk 0:04:12]} Kd7 {[%clk 0:02:02]} 70.
Nf7 {[%clk 0:03:59]} Bf6 {[%clk 0:02:18]} 71. Bf4 {[%clk 0:03:42]} Ke6 {[%clk
0:02:19]} 72. Nd6 {[%clk 0:04:05]} Be7 {[%clk 0:02:31]} 73. Nb5 {[%clk 0:04:19]}
Kf5 {[%clk 0:02:47]} 74. Kd3 {[%clk 0:04:20]} Bf8 {[%clk 0:02:18]} 75. Ke3 {[%clk
0:03:46]} Be7 {[%clk 0:02:37]} 76. Kd3 {[%clk 0:03:38]} Bf8 {[%clk 0:03:06]} 77.
Na7 {[%clk 0:03:40]} Bb4 {[%clk 0:03:20]} 78. Nc6 {[%clk 0:04:00]} Bf8 {[%clk
0:03:09]} 79. Ne5 {[%clk 0:03:24]} Be4+ {[%clk 0:03:20]} 80. Ke3 {[%clk 0:03:40]}
Bg7 {[%clk 0:03:07]} 81. Nd7 {[%clk 0:03:16]} Bf3 {[%clk 0:03:13]} 82. Nc5 {[%clk
0:03:15]} Bf8 {[%clk 0:03:24]} 83. Nd3 {[%clk 0:03:44]} Bg7 {[%clk 0:03:06]} 84.
Ne1 {[%clk 0:04:01]} Be4 {[%clk 0:03:32]} 85. Nd3 {[%clk 0:04:09]} Bf3 {[%clk
0:03:50]} 86. Nc5 {[%clk 0:04:16]} Bf8 {[%clk 0:04:16]} 87. Nb3 {[%clk 0:03:27]}
Ba3 {[%clk 0:04:08]} 88. Kd3 {[%clk 0:03:32]} Bb4 {[%clk 0:03:59]} 89. Bd2 {[%clk
0:03:24]} Bf8 {[%clk 0:04:24]} 90. Bc1 {[%clk 0:03:15]} Bd1 {[%clk 0:04:05]} 91.
Na5 {[%clk 0:03:08]} Bf3 {[%clk 0:04:23]} 92. Nc6 {[%clk 0:03:12]} Bd6 {[%clk
0:04:19]} 93. Bd2 {[%clk 0:02:42]} Be4+ {[%clk 0:04:17]} 94. Ke3 {[%clk 0:02:57]}
Bf8 {[%clk 0:04:33]} 95. Ke2 {[%clk 0:02:47]} Bf3+ {[%clk 0:04:54]} 96. Kd3
{[%clk 0:03:14]} Be4+ {[%clk 0:05:13]} 97. Kc3 {[%clk 0:03:28]} Bf3 {[%clk
0:04:50]} 98. Ne5 {[%clk 0:01:59]} Be4 {[%clk 0:04:23]} 99. Nf7 {[%clk 0:01:52]}
Bf3 {[%clk 0:04:31]} 100. Bf4 {[%clk 0:01:40]} Be7 {[%clk 0:04:15]} 101. Ne5
{[%clk 0:01:45]} Be4 {[%clk 0:04:21]} 102. Nc6 {[%clk 0:01:18]} Bf8 {[%clk
0:04:30]} 103. Na5 {[%clk 0:01:31]} Bf3 {[%clk 0:04:48]} 104. Nb7 {[%clk
0:01:44]} Be7 {[%clk 0:04:55]} 105. Bd6 {[%clk 0:01:46]} Bf6 {[%clk 0:04:58]}
106. Nc5 {[%clk 0:02:15]} Bg5 {[%clk 0:04:36]} 107. Bf8 {[%clk 0:02:05]} Bd8
{[%clk 0:04:56]} 108. Bg7 {[%clk 0:02:21]} 1/2-1/2

[Event "Irena Warakomska Memorial A"]
[Site "chessmanager.com"]
[Date "2018.08.05"]
[Round "6"]
[White "Gumularz, Szymon"]
[Black "Pietruszewski, Marcin"]
[Result "1-0"]
[Board "22"]
[WhiteElo "2461"]
[WhiteTitle "IM"]
[WhiteCountry "POL"]
[WhiteFideId "1188062"]
[WhiteEloChange "2"]
[BlackElo "2208"]
[BlackCountry "POL"]
[BlackFideId "1170295"]
[BlackEloChange "-4"]

1. e4 {[%clk 1:30:55]} c5 {[%clk 1:22:44]} 2. Nf3 {[%clk 1:31:19]} e6 {[%clk
1:23:12]} 3. d4 {[%clk 1:31:40]} cxd4 {[%clk 1:23:40]} 4. Nxd4 {[%clk 1:32:03]}
a6 {[%clk 1:24:10]} 5. Be2 {[%clk 1:32:23]} Nf6 {[%clk 1:24:35]} 6. Nc3 {[%clk
1:32:50]} d6 {[%clk 1:24:37]} 7. O-O {[%clk 1:32:57]} Be7 {[%clk 1:25:04]} 8. f4
{[%clk 1:30:58]} O-O {[%clk 1:22:15]} 9. Kh1 {[%clk 1:31:18]} Nc6 {[%clk
1:22:33]} 10. Be3 {[%clk 1:31:26]} Nxd4 {[%clk 1:22:55]} 11. Bxd4 {[%clk
1:27:17]} b5 {[%clk 1:22:38]} 12. e5 {[%clk 1:24:51]} dxe5 {[%clk 1:11:43]} 13.
fxe5 {[%clk 1:25:15]} Nd5 {[%clk 1:12:10]} 14. Nxd5 {[%clk 1:23:43]} exd5 {[%clk
1:12:35]} 15. c3 {[%clk 1:21:31]} Bb7 {[%clk 1:05:43]} 16. Bd3 {[%clk 1:19:46]}
g6 {[%clk 1:02:52]} 17. Qg4 {[%clk 1:18:17]} Bc8 {[%clk 0:58:42]} 18. e6 {[%clk
1:13:41]} f5 {[%clk 0:50:04]} 19. Bxf5 {[%clk 1:10:04]} Rxf5 {[%clk 0:43:55]} 20.
Rxf5 {[%clk 1:10:30]} Bxe6 {[%clk 0:44:12]} 21. Rf8+ {[%clk 1:10:56]} Qxf8 {[%clk
0:44:40]} 22. Qxe6+ {[%clk 1:11:22]} Qf7 {[%clk 0:45:07]} 23. Qe5 {[%clk
1:11:49]} Kf8 {[%clk 0:45:28]} 24. Qh8+ {[%clk 1:12:13]} Qg8 {[%clk 0:45:56]} 25.
Rf1+ {[%clk 1:12:38]} 1-0

[Event "Irena Warakomska Memorial A"]
[Site "chessmanager.com"]
[Date "2018.08.05"]
[Round "6"]
[White "Bugalski, Michal"]
[Black "Grib, Roman"]
[Result "1/2-1/2"]
[Board "23"]
[WhiteElo "2263"]
[WhiteCountry "POL"]
[WhiteFideId "1122134"]
[WhiteEloChange "5"]
[BlackElo "2445"]
[BlackTitle "IM"]
[BlackCountry "BLR"]
[BlackFideId "13506706"]
[BlackEloChange "-2"]

1. e4 {[%clk 1:30:56]} c5 {[%clk 1:30:40]} 2. c3 {[%clk 1:31:18]} Nf6 {[%clk
1:30:59]} 3. e5 {[%clk 1:31:42]} Nd5 {[%clk 1:31:26]} 4. d4 {[%clk 1:32:06]} cxd4
{[%clk 1:31:49]} 5. Nf3 {[%clk 1:32:19]} e6 {[%clk 1:31:47]} 6. cxd4 {[%clk
1:32:41]} d6 {[%clk 1:32:12]} 7. a3 {[%clk 1:30:05]} Nc6 {[%clk 1:31:21]} 8. Bd3
{[%clk 1:17:38]} g6 {[%clk 1:30:34]} 9. O-O {[%clk 1:03:09]} dxe5 {[%clk
1:29:27]} 10. dxe5 {[%clk 0:56:41]} Bg7 {[%clk 1:29:45]} 11. Qe2 {[%clk 0:55:57]}
Qc7 {[%clk 1:29:59]} 12. Re1 {[%clk 0:56:22]} O-O {[%clk 1:30:22]} 13. Bd2 {[%clk
0:54:20]} Rd8 {[%clk 1:30:32]} 14. Bb5 {[%clk 0:39:07]} Bd7 {[%clk 1:04:21]} 15.
Nc3 {[%clk 0:38:58]} Nxc3 {[%clk 1:02:58]} 16. Bxc3 {[%clk 0:39:12]} Ne7 {[%clk
1:03:23]} 17. Rac1 {[%clk 0:29:48]} Bxb5 {[%clk 0:57:31]} 18. Qxb5 {[%clk
0:30:10]} Qd7 {[%clk 0:49:24]} 19. Qb3 {[%clk 0:26:41]} Nd5 {[%clk 0:46:36]} 20.
Bd2 {[%clk 0:22:43]} h6 {[%clk 0:41:52]} 21. h3 {[%clk 0:21:27]} Rac8 {[%clk
0:41:48]} 22. Red1 {[%clk 0:20:06]} Rxc1 {[%clk 0:41:30]} 23. Rxc1 {[%clk
0:20:31]} Rc8 {[%clk 0:40:12]} 24. Rc4 {[%clk 0:17:00]} Rxc4 {[%clk 0:23:36]} 25.
Qxc4 {[%clk 0:17:28]} b5 {[%clk 0:21:25]} 26. Qh4 {[%clk 0:15:49]} Ne7 {[%clk
0:18:26]} 27. Qd4 {[%clk 0:12:38]} Nd5 {[%clk 0:07:34]} 28. Qh4 {[%clk 0:13:01]}
Ne7 {[%clk 0:06:01]} 29. Qd4 {[%clk 0:13:24]} Qc7 {[%clk 0:06:03]} 30. Qc3 {[%clk
0:09:28]} Qb7 {[%clk 0:04:41]} 31. Qd4 {[%clk 0:09:23]} Nc6 {[%clk 0:04:07]} 32.
Qe4 {[%clk 0:06:47]} Qd7 {[%clk 0:04:23]} 33. Bf4 {[%clk 0:02:48]} Qd1+ {[%clk
0:03:44]} 34. Kh2 {[%clk 0:03:16]} Qd5 {[%clk 0:03:42]} 35. Qe3 {[%clk 0:01:42]}
g5 {[%clk 0:02:14]} 36. Bg3 {[%clk 0:02:07]} Kh7 {[%clk 0:01:32]} 37. Qc3 {[%clk
0:01:44]} a5 {[%clk 0:01:38]} 38. Qc2+ {[%clk 0:00:54]} Kg8 {[%clk 0:01:55]} 39.
a4 {[%clk 0:00:41]} Kh8 {[%clk 0:00:38]} 40. axb5 {[%clk 0:30:35]} Qxb5 {[%clk
0:31:00]} 41. Qe4 {[%clk 0:26:30]} Qd5 {[%clk 0:25:07]} 42. Qe3 {[%clk 0:18:53]}
Kh7 {[%clk 0:23:35]} 43. Qc3 {[%clk 0:18:09]} Kg8 {[%clk 0:23:32]} 44. b3 {[%clk
0:16:14]} Ne7 {[%clk 0:22:22]} 45. Nd2 {[%clk 0:14:30]} h5 {[%clk 0:16:09]} 46.
Kh1 {[%clk 0:08:45]} Nf5 {[%clk 0:12:31]} 47. Bh2 {[%clk 0:08:05]} Nh4 {[%clk
0:07:14]} 48. Nf3 {[%clk 0:05:24]} Nxf3 {[%clk 0:07:12]} 49. gxf3 {[%clk
0:05:43]} Bf8 {[%clk 0:02:44]} 50. Qe3 {[%clk 0:04:52]} Be7 {[%clk 0:02:37]} 51.
Kg1 {[%clk 0:04:00]} Kg7 {[%clk 0:02:33]} 52. Kg2 {[%clk 0:02:39]} Kg6 {[%clk
0:01:28]} 53. Qe4+ {[%clk 0:02:42]} Qxe4 {[%clk 0:00:39]} 54. fxe4 {[%clk
0:03:07]} Bc5 {[%clk 0:01:03]} 55. f3 {[%clk 0:01:03]} Bd4 {[%clk 0:01:20]} 56.
Bg3 {[%clk 0:01:19]} Bc3 {[%clk 0:00:44]} 57. Bh2 {[%clk 0:01:40]} Kg7 {[%clk
0:00:35]} 58. Kf2 {[%clk 0:01:45]} Kg6 {[%clk 0:00:40]} 59. Ke2 {[%clk 0:01:31]}
Bb4 {[%clk 0:00:34]} 60. Bg3 {[%clk 0:01:47]} Bc3 {[%clk 0:00:41]} 61. Kd3 {[%clk
0:02:00]} Bb4 {[%clk 0:00:52]} 62. Ke2 {[%clk 0:01:39]} Bc3 {[%clk 0:00:53]} 63.
Kd3 {[%clk 0:01:58]} Bb4 {[%clk 0:01:09]} 64. Ke2 {[%clk 0:01:19]} 1/2-1/2

[Event "Irena Warakomska Memorial A"]
[Site "chessmanager.com"]
[Date "2018.08.05"]
[Round "6"]
[White "Fiedorek, Michal"]
[Black "Tomaszewski, Roman"]
[Result "1/2-1/2"]
[Board "34"]
[WhiteElo "2066"]
[WhiteCountry "POL"]
[WhiteFideId "1199528"]
[WhiteEloChange "5"]
[BlackElo "2258"]
[BlackTitle "IM"]
[BlackCountry "POL"]
[BlackFideId "1100637"]
[BlackEloChange "-5"]

1. e4 {[%clk 1:30:56]} Nf6 {[%clk 1:30:49]} 2. e5 {[%clk 1:31:17]} Nd5 {[%clk
1:31:17]} 3. d4 {[%clk 1:31:37]} d6 {[%clk 1:31:44]} 4. c4 {[%clk 1:31:56]} Nb6
{[%clk 1:32:04]} 5. exd6 {[%clk 1:32:00]} exd6 {[%clk 1:32:26]} 6. Bd3 {[%clk
1:31:52]} Be7 {[%clk 1:32:50]} 7. Ne2 {[%clk 1:32:05]} O-O {[%clk 1:32:50]} 8.
O-O {[%clk 1:32:03]} Nc6 {[%clk 1:32:30]} 9. Be3 {[%clk 1:27:10]} Nb4 {[%clk
1:31:54]} 10. b3 {[%clk 1:23:27]} Nxd3 {[%clk 1:29:06]} 11. Qxd3 {[%clk 1:23:51]}
c6 {[%clk 1:19:11]} 12. Nbc3 {[%clk 1:22:47]} Re8 {[%clk 1:13:52]} 13. Ng3 {[%clk
1:09:57]} g6 {[%clk 1:13:39]} 14. f4 {[%clk 0:57:17]} f5 {[%clk 1:12:05]} 15. d5
{[%clk 0:50:46]} c5 {[%clk 1:10:10]} 16. Rab1 {[%clk 0:48:13]} Nd7 {[%clk
0:51:27]} 17. Rfe1 {[%clk 0:47:09]} Nf6 {[%clk 0:48:08]} 18. h3 {[%clk 0:41:49]}
Bf8 {[%clk 0:45:29]} 19. Bd2 {[%clk 0:35:35]} Bd7 {[%clk 0:38:14]} 20. Kh2 {[%clk
0:33:33]} a6 {[%clk 0:32:28]} 21. b4 {[%clk 0:25:24]} Rxe1 {[%clk 0:14:09]} 22.
Bxe1 {[%clk 0:25:49]} Qc7 {[%clk 0:12:05]} 23. Bf2 {[%clk 0:20:02]} Rc8 {[%clk
0:09:08]} 24. b5 {[%clk 0:17:07]} axb5 {[%clk 0:09:24]} 25. Nxb5 {[%clk 0:17:24]}
Qa5 {[%clk 0:09:14]} 26. Qc2 {[%clk 0:11:35]} Ra8 {[%clk 0:08:45]} 27. Nc3 {[%clk
0:11:54]} Qa6 {[%clk 0:08:52]} 28. Qb3 {[%clk 0:11:40]} Rb8 {[%clk 0:07:49]} 29.
Nf1 {[%clk 0:08:35]} Bh6 {[%clk 0:06:32]} 30. g3 {[%clk 0:08:44]} Re8 {[%clk
0:06:16]} 31. Nd2 {[%clk 0:08:41]} Bc8 {[%clk 0:05:28]} 32. Re1 {[%clk 0:07:21]}
Rxe1 {[%clk 0:05:11]} 33. Bxe1 {[%clk 0:07:48]} Bd7 {[%clk 0:05:12]} 34. Kg2
{[%clk 0:07:21]} Bg7 {[%clk 0:05:23]} 35. Kh2 {[%clk 0:02:41]} Ne8 {[%clk
0:05:33]} 36. Ndb1 {[%clk 0:02:25]} Nc7 {[%clk 0:03:57]} 37. Na3 {[%clk 0:02:51]}
Kf7 {[%clk 0:02:53]} 38. Nab5 {[%clk 0:02:12]} Bxb5 {[%clk 0:02:10]} 39. cxb5
{[%clk 0:01:24]} Qa5 {[%clk 0:02:35]} 40. a4 {[%clk 0:31:08]} Qb4 {[%clk
0:31:39]} 41. Qxb4 {[%clk 0:24:48]} cxb4 {[%clk 0:32:07]} 42. b6 {[%clk 0:25:00]}
Na6 {[%clk 0:09:12]} 43. Nb1 {[%clk 0:24:19]} Bd4 {[%clk 0:07:25]} 44. a5 {[%clk
0:24:02]} b3 {[%clk 0:06:46]} 45. Kg2 {[%clk 0:23:19]} Bc5 {[%clk 0:07:14]} 46.
Kf3 {[%clk 0:20:18]} Ke7 {[%clk 0:06:44]} 47. Ke2 {[%clk 0:19:10]} b2 {[%clk
0:06:13]} 48. Kd3 {[%clk 0:17:33]} Kd8 {[%clk 0:05:54]} 49. Kc4 {[%clk 0:17:06]}
h5 {[%clk 0:06:14]} 50. Kb3 {[%clk 0:13:26]} h4 {[%clk 0:05:48]} 51. g4 {[%clk
0:12:49]} Kd7 {[%clk 0:05:41]} 52. gxf5 {[%clk 0:09:28]} gxf5 {[%clk 0:06:10]}
53. Bxh4 {[%clk 0:08:10]} Bb4 {[%clk 0:06:24]} 54. Bf6 {[%clk 0:05:13]} Bxa5
{[%clk 0:06:18]} 55. h4 {[%clk 0:04:15]} Ke8 {[%clk 0:06:41]} 56. h5 {[%clk
0:03:35]} Kf7 {[%clk 0:06:46]} 57. Bxb2 {[%clk 0:03:59]} Bxb6 {[%clk 0:07:00]}
58. Ba3 {[%clk 0:03:22]} Bc5 {[%clk 0:05:58]} 59. Kc4 {[%clk 0:03:28]} Kg7 {[%clk
0:06:23]} 60. Bxc5 {[%clk 0:01:32]} Nxc5 {[%clk 0:06:52]} 61. Nc3 {[%clk
0:01:55]} Kh6 {[%clk 0:07:16]} 62. Nb5 {[%clk 0:01:33]} Ne4 {[%clk 0:07:45]} 63.
Nd4 {[%clk 0:01:25]} Kxh5 {[%clk 0:05:24]} 64. Nxf5 {[%clk 0:01:52]} Kg4 {[%clk
0:05:48]} 65. Nxd6 {[%clk 0:01:44]} Nxd6+ {[%clk 0:05:56]} 66. Kc5 {[%clk
0:02:11]} Nc8 {[%clk 0:05:12]} 67. d6 {[%clk 0:02:18]} Nxd6 {[%clk 0:05:17]} 68.
Kxd6 {[%clk 0:02:34]} Kxf4 {[%clk 0:05:13]} 69. Kc5 {[%clk 0:02:51]} b5 {[%clk
0:06:11]} 70. Kxb5 {[%clk 0:03:15]} 1/2-1/2